[Event "ROM-chT div-A"]
[Site "Mamaia"]
[Date "2019.09.27"]
[Round "7.5"]
[White "Ursan, Petru Sebastian"]
[Black "Luncasu, Raul Ionut"]
[Result "1/2-1/2"]
[WhiteElo "2154"]
[BlackElo "2169"]
[PlyCount "117"]
[EventDate "2019.09.21"]
[EventType "team-tourn"]
[EventRounds "9"]
[EventCountry "ROU"]
[SourceTitle "EXT 2020"]
[Source "ChessBase"]
[SourceDate "2019.10.17"]
[SourceVersion "1"]
[SourceVersionDate "2019.10.17"]
[SourceQuality "1"]
[WhiteTeam "Arad University"]
[BlackTeam "Buzau Phoenix"]
[WhiteTeamCountry "ROU"]
[BlackTeamCountry "ROU"]

1. Nf3 c5 2. c4 Nf6 3. g3 e6 4. Bg2 d5 5. 0-0 Nc6 6. d4 cxd4 7. Nxd4 Be7 8. Nc3 0-0 9. cxd5 exd5 10. b3 Re8 11. Bb2 Bg4 12. Rc1 Bf8 13. h3 Bh5 14. Qd2 Bb4 15. Nxc6 bxc6 16. e3 Rc8 17. Qd4 Qe7 18. g4 Bc5 19. Qf4 Bd6 20. Qd4 Bc5 21. Qf4 Bg6 22. Na4 Bd6 23. Bxf6 gxf6 24. Qd4 f5 25. f4 Qxe3+ 26. Qxe3 Rxe3 27. Bxd5 fxg4 28. hxg4 Rg3+ 29. Kh1 Rxg4 30. f5 Bh5 31. Rxc6 Rxc6 32. Bxc6 Rh4+ 33. Kg1 Kg7 34. Bf3 Bxf3 35. Rxf3 Be5 36. Nc3 f6 37. a4 a5 38. Nd5 Kh6 39. Kf1 Kg5 40. Ke2 Rd4 41. Ne3 h5 42. Nc4 Bc7 43. Ke3 Rg4 44. Rh3 h4 45. Ke2 Rg2+ 46. Kf3 Rg1 47. Nd2 Rg3+ 48. Rxg3+ hxg3 49. Nc4 Kxf5 50. Ne3+ Ke5 51. Nc2 Kd5 52. b4 axb4 53. Nxb4+ Kc4 54. Nc6 Kd5 55. Nb4+ Ke6 56. Nc6 f5 57. a5 Kd5 58. Ne7+ Ke6 59. Nxf5 1/2-1/2

[Event "ROM-chT div-A"]
[Site "Mamaia"]
[Date "2019.09.22"]
[Round "2.4"]
[White "Luncasu, Raul Ionut"]
[Black "Rauca, Horatiu Augustin"]
[Result "1-0"]
[WhiteElo "2169"]
[BlackElo "1896"]
[PlyCount "79"]
[EventDate "2019.09.21"]
[EventType "team-tourn"]
[EventRounds "9"]
[EventCountry "ROU"]
[SourceTitle "EXT 2020"]
[Source "ChessBase"]
[SourceDate "2019.10.17"]
[SourceVersion "1"]
[SourceVersionDate "2019.10.17"]
[SourceQuality "1"]
[WhiteTeam "Buzau Phoenix"]
[BlackTeam "Bistrita"]
[WhiteTeamCountry "ROU"]
[BlackTeamCountry "ROU"]

1. e4 c5 2. Nf3 d6 3. d4 Nf6 4. Nc3 cxd4 5. Nxd4 e5 6. Nde2 Be6 7. g3 Be7 8. Bg2 a6 9. h3 b5 10. a3 Nbd7 11. 0-0 Nb6 12. f4 Qc7 13. f5 Bc4 14. Be3 Rc8 15. Rf2 Bxe2 16. Rxe2 Nc4 17. Bc1 0-0 18. Kh2 Qc6 19. a4 b4 20. Nd5 Nxd5 21. exd5 Qc7 22. Qd3 a5 23. Be4 Bf6 24. Rg2 h6 25. h4 Qe7 26. Kh3 Rc5 27. Qe2 Rfc8 28. b3 Na3 29. Be3 R5c7 30. Rc1 Kh7 31. Qh5 Rh8 32. Qe2 Rb8 33. Qf2 Rcc8 34. g4 Rh8 35. g5 hxg5 36. hxg5 Kg8+ 37. Kg4 Kf8 38. Rh2 Rg8 39. gxf6 gxf6+ 40. Kf3 1-0

[Event "ROM-chT"]
[Site "Baile Govora"]
[Date "2017.11.17"]
[Round "7.3"]
[White "Istratescu, Andrei"]
[Black "Luncasu, Raul Ionut"]
[Result "1-0"]
[WhiteElo "2580"]
[BlackElo "2181"]
[PlyCount "81"]
[EventDate "2017.11.11"]
[EventType "team-tourn"]
[EventRounds "9"]
[EventCountry "ROU"]
[SourceTitle "CBM 181 Extra"]
[Source "ChessBase"]
[SourceDate "2017.12.12"]
[SourceVersion "1"]
[SourceVersionDate "2017.12.12"]
[SourceQuality "1"]
[WhiteTeam "Timisoara Vest Univ"]
[BlackTeam "Buzau Phoenix"]
[WhiteTeamCountry "ROU"]
[BlackTeamCountry "ROU"]

1. e4 c5 2. Nf3 d6 3. d4 cxd4 4. Nxd4 Nf6 5. Nc3 g6 6. Be3 Bg7 7. f3 Nc6 8. Qd2 0-0 9. g4 Nxd4 10. Bxd4 Be6 11. h4 Qa5 12. h5 Rfc8 13. hxg6 hxg6 14. a3 Rab8 15. Bd3 b5 16. b4 Qd8 17. Nxb5 a6 18. Nc3 Bc4 19. Rd1 Qc7 20. Nd5 Bxd5 21. exd5 e5 22. dxe6 Re8 23. Kf1 Rxe6 24. Re1 Qc6 25. Kg2 Rxe1 26. Rxe1 Qd5 27. Qc3 Qg5 28. Be3 Qd5 29. Qc4 Qb7 30. Qxa6 Nxg4 31. Qxb7 Nxe3+ 32. Rxe3 Rxb7 33. Re8+ Kh7 34. Ra8 Bd4 35. Ra6 Be5 36. b5 Kg7 37. a4 Kf8 38. Ra8+ Ke7 39. Be4 Rc7 40. b6 Rc4 41. Bd5 1-0

[Event "ROM-chT"]
[Site "Baile Govora"]
[Date "2017.11.14"]
[Round "4.5"]
[White "Luncasu, Raul Ionut"]
[Black "Nevednichy, Vladislav"]
[Result "0-1"]
[WhiteElo "2181"]
[BlackElo "2534"]
[PlyCount "64"]
[EventDate "2017.11.11"]
[EventType "team-tourn"]
[EventRounds "9"]
[EventCountry "ROU"]
[SourceTitle "CBM 181 Extra"]
[Source "ChessBase"]
[SourceDate "2017.12.12"]
[SourceVersion "1"]
[SourceVersionDate "2017.12.12"]
[SourceQuality "1"]
[WhiteTeam "Buzau Phoenix"]
[BlackTeam "Iasi Politehnica"]
[WhiteTeamCountry "ROU"]
[BlackTeamCountry "ROU"]

1. e4 c5 2. Nf3 Nc6 3. d4 cxd4 4. Nxd4 Nf6 5. Nc3 d6 6. Bc4 e6 7. Bb3 a6 8. Be3 Na5 9. Qe2 b5 10. f3 Be7 11. 0-0-0 Qc7 12. Kb1 Nxb3 13. cxb3 Bd7 14. g4 0-0 15. g5 Nh5 16. Qd2 g6 17. Rc1 Qb7 18. Nde2 b4 19. Na4 Bxa4 20. bxa4 Rac8 21. b3 Ng7 22. Rxc8 Rxc8 23. Bd4 e5 24. Be3 Ne6 25. Rc1 Rd8 26. Rd1 d5 27. exd5 Nc7 28. Qc2 Rxd5 29. Rxd5 Nxd5 30. Bc1 Nf4 31. Nxf4 exf4 32. Qe2 Bxg5 0-1

[Event "ROM-chT2"]
[Site "Mamaia"]
[Date "2015.10.08"]
[Round "6.2"]
[White "Luncasu, Raul Ionut"]
[Black "Manescu, Tiberiu"]
[Result "1-0"]
[WhiteElo "2156"]
[BlackElo "2384"]
[PlyCount "77"]
[EventDate "2015.10.03"]
[EventType "team-tourn"]
[EventRounds "9"]
[EventCountry "ROU"]
[SourceTitle "CBM 169 Extra"]
[Source "ChessBase"]
[SourceDate "2015.12.18"]
[SourceVersion "1"]
[SourceVersionDate "2015.12.18"]
[SourceQuality "1"]
[WhiteTeam "Buzau Pheonix"]
[BlackTeam "Resita Muncitorul"]
[WhiteTeamCountry "ROU"]
[BlackTeamCountry "ROU"]

1. e4 c5 2. Nf3 Nc6 3. d4 cxd4 4. Nxd4 Nf6 5. Nc3 e5 6. Ndb5 d6 7. Bg5 a6 8. Bxf6 gxf6 9. Na3 b5 10. Nd5 f5 11. Bd3 Be6 12. 0-0 Bxd5 13. exd5 Ne7 14. c3 Bg7 15. Qh5 e4 16. Bc2 Qc8 17. Bb3 Ng6 18. Rae1 0-0 19. Nc2 Re8 20. Nb4 a5 21. Nc6 a4 22. Bc2 h6 23. a3 Nf4 24. Qd1 Ra6 25. Nb4 Ra7 26. Qd2 Ng6 27. Nc6 Rc7 28. f3 Rxc6 29. dxc6 Qxc6 30. fxe4 fxe4 31. Rf5 e3 32. Qd5 Qxd5 33. Rxd5 b4 34. Bxg6 fxg6 35. axb4 a3 36. bxa3 Bxc3 37. Re2 Bd2 38. Rxd6 Rc8 39. Rexd2 1-0

[Event "London Classic op 4th"]
[Site "London"]
[Date "2012.12.02"]
[Round "2"]
[White "Luncasu, Raul Ionut"]
[Black "Notkevich, Benjamin Arvola"]
[Result "0-1"]
[WhiteElo "2118"]
[BlackElo "2285"]
[PlyCount "64"]
[EventDate "2012.12.01"]
[EventType "swiss"]
[EventRounds "9"]
[EventCountry "ENG"]
[SourceTitle "CBM 151 Extra"]
[Source "ChessBase"]
[SourceDate "2012.12.18"]
[SourceVersion "1"]
[SourceVersionDate "2012.12.18"]
[SourceQuality "1"]

1. e4 e6 2. d4 d5 3. exd5 exd5 4. Nf3 Bd6 5. c4 c6 6. c5 Bc7 7. Qc2 Bg4 8. Be2 Nd7 9. Be3 Ne7 10. h3 Bf5 11. Bd3 Bxd3 12. Qxd3 0-0 13. 0-0 Ng6 14. Nbd2 f5 15. Bg5 Qe8 16. Rfe1 Qf7 17. Nh4 Nf4 18. Bxf4 Bxf4 19. Nhf3 Rae8 20. b4 Re4 21. Qc3 Bh6 22. a4 Qf6 23. b5 Bxd2 24. Qxd2 Rfe8 25. Qa5 Nf8 26. Qxa7 Ne6 27. Qxb7 Nxd4 28. Red1 Nxf3+ 29. gxf3 R4e6 30. bxc6 Qg5+ 31. Kh2 Qf4+ 32. Kg2 Rg6+ 0-1

[Event "ROM-ch op"]
[Site "Sarata Monteoru"]
[Date "2011.02.13"]
[Round "2"]
[White "Luncasu, Raul Ionut"]
[Black "Petrisor, Adrian Marian"]
[Result "1-0"]
[WhiteElo "2161"]
[BlackElo "2386"]
[PlyCount "95"]
[EventDate "2011.02.12"]
[EventType "swiss"]
[EventRounds "11"]
[EventCountry "ROU"]
[SourceTitle "CBM 140 Extra"]
[Source "ChessBase"]
[SourceDate "2011.03.01"]
[SourceVersion "1"]
[SourceVersionDate "2011.03.01"]
[SourceQuality "1"]

1. e4 c5 2. Nf3 d6 3. d4 cxd4 4. Nxd4 Nf6 5. Nc3 a6 6. Bg5 Nbd7 7. Qd2 e6 8. Be2 Qc7 9. 0-0 Be7 10. a4 b6 11. f4 Bb7 12. Bf3 h6 13. Bh4 0-0 14. Bf2 Rfe8 15. Rae1 Rad8 16. g4 e5 17. Nf5 exf4 18. Qxf4 Ne5 19. Bd4 Nfd7 20. Bg2 Bf8 21. Re3 Re6 22. Rg3 g5 23. Qf2 Rde8 24. Kh1 Rg6 25. Nd5 Bxd5 26. exd5 b5 27. axb5 axb5 28. Rc3 Qb7 29. h3 Nf6 30. Rc6 Nxc6 31. dxc6 Qc8 32. Ng3 Re6 33. Nh5 Bg7 34. Nxg7 Kxg7 35. Bd5 Re5 36. Bxe5 dxe5 37. Be4 Qe6 38. Bxg6 Qxc6+ 39. Qg2 Qxg2+ 40. Kxg2 fxg6 41. Ra1 Nd5 42. c3 Nf4+ 43. Kg3 e4 44. Ra5 e3 45. Rxb5 h5 46. Re5 e2 47. b4 Kf6 48. Re3 1-0